| Tag |
First Indicator |
Second Indicator |
Subfields |
| LEADER |
00000cam a22000001a 4500 |
| 001 |
in00004105021 |
| 005 |
20200117092733.0 |
| 006 |
m d f |
| 007 |
cr bn mmmapmmp |
| 008 |
120515s2011 mdu o f000 0 eng d |
| 035 |
|
|
|a chdc20120466
|
| 040 |
|
|
|a UMI
|c UMI
|d UtOrBLW
|
| 043 |
|
|
|a n-us---
|
| 086 |
0 |
|
|a Y 4.F 76/1:112-72
|
| 110 |
1 |
|
|a United States.
|b Congress.
|b House.
|b Committee on Foreign Affairs.
|b Subcommittee on Africa, Global Health, and Human Rights.
|0 http://id.loc.gov/authorities/names/no2011135041
|
| 245 |
1 |
0 |
|a International child abduction :
|b broken laws and bereaved lives : hearing before the Subcommittee on Africa, Global Health, and Human Rights of the Committee on Foreign Affairs, House of Representatives, One Hundred Twelfth Congress, first session, May 24, 2011.
|
| 264 |
|
1 |
|a Bethesda, Md. :
|b ProQuest,
|c 2011.
|
| 300 |
|
|
|a iii, 174 pages, digital, PDF file.
|
| 336 |
|
|
|a text
|b txt
|2 rdacontent
|
| 337 |
|
|
|a computer
|b c
|2 rdamedia
|
| 338 |
|
|
|a online resource
|b cr
|2 rdacarrier
|
| 500 |
|
|
|a Shipping list number: 2012-0135-P.
|
| 500 |
|
|
|a "Serial number 112-72."
|
| 500 |
|
|
|a Record is based on bibliographic data in ProQuest Congressional Hearings Digital Collection. Reuse except for individual research requires license from ProQuest, LLC.
|
| 500 |
|
|
|a Electronic resource.
|
| 533 |
|
|
|a Electronic reproduction.
|b [Bethesda, Md.] :
|c ProQuest,
|d 2012.
|e digital, PDF file.
|n ProQuest Congressional Hearings Digital Collection.
|n Mode of access: World Wide Web via ProQuest website.
|
| 538 |
|
|
|a System requirements: PDF reader software.
|
| 610 |
1 |
0 |
|a United States.
|b Department of State.
|b Office of Children's Issues.
|0 http://id.loc.gov/authorities/names/no2004000989
|
| 630 |
0 |
0 |
|a Convention on the Civil Aspects of International Child Abduction
|d (1980 October 25)
|0 http://id.loc.gov/authorities/names/n88075148
|
| 650 |
|
0 |
|a Parental kidnapping
|z United States.
|0 http://id.loc.gov/authorities/subjects/sh2010105113
|
| 650 |
|
0 |
|a Parental kidnapping
|x Government policy
|z United States.
|
| 650 |
|
0 |
|a Kidnapping victims
|x Legal status, laws, etc.
|z United States.
|
| 650 |
|
0 |
|a Custody of children
|z United States.
|0 http://id.loc.gov/authorities/subjects/sh2008100403
|
| 650 |
|
0 |
|a Parental kidnapping
|x Prevention
|x International cooperation.
|
| 650 |
|
0 |
|a Conflict of laws
|x Custody of children.
|0 http://id.loc.gov/authorities/subjects/sh85030986
|
| 650 |
|
0 |
|a Judicial assistance.
|0 http://id.loc.gov/authorities/subjects/sh85070935
|
| 776 |
0 |
8 |
|i Print version:
|a United States. Congress. House. Committee on Foreign Affairs. Subcommittee on Africa, Global Health, and Human Rights.
|t International child abduction
|w 2012397719
|w (OCoLC)ocn768774257
|z 9780160902376
|z 0160902371
|
| 776 |
0 |
8 |
|i Microfiche version:
|a United States. Congress. House. Committee on Foreign Affairs. Subcommittee on Africa, Global Health, and Human Rights.
|t International child abduction
|d [Bethesda, Md.] : ProQuest,[2012]
|o CIS 2012 H381-31
|w (ProQuest)cis01200757
|
| 856 |
4 |
0 |
|u http://proxy.library.tamu.edu/login?url=http://search.proquest.com/congcomp/getdoc?HEARING-ID=HRG-2011-FOA-0067
|y Electronic resource (PDF)
|t 0
|
| 998 |
|
|
|a cis01200757
|
| 999 |
f |
f |
|s b37b3db3-5bd6-39a3-a0fc-88d6c1420e62
|i 0c8e8155-b848-3f4b-8498-9684d8828bae
|t 0
|
| 952 |
f |
f |
|a Texas A&M University
|b College Station
|c Electronic Resources
|d Available Online
|t 0
|e Y 4.F 76/1:112-72
|h Superintendent of Documents classification
|
| 998 |
f |
f |
|a Y 4.F 76/1:112-72
|t 0
|l Available Online
|